书目信息 |
| 题名: |
此去经年,谁许我一纸繁华
|
|
| 作者: | 胡适 著 | |
| 分册: | ||
| 出版信息: | 北京 北京理工大学出版社 2016 |
|
| 页数: | 278页 | |
| 开本: | 21cm | |
| 丛书名: | 民国大师经典书系 | |
| 单 册: | ||
| 中图分类: | I266.1 , I226.1 | |
| 科图分类: | ||
| 主题词: | 随笔--sui bi--作品集--中国--现代 , 新诗--xin shi--诗集--中国--现代 | |
| 电子资源: | ||
| ISBN: | 978-7-5682-1832-0 | |
| 000 | 00826nam0 22002651 450 | |
| 001 | 0115101217 | |
| 005 | 20170415101217.0 | |
| 010 | @a978-7-5682-1832-0@b精装@dCNY35.00 | |
| 100 | @a20160602d2016 em y0chiy50 ea | |
| 101 | 0 | @achi |
| 102 | @aCN@b110000 | |
| 105 | @ay z 000zy | |
| 106 | @ar | |
| 200 | 1 | @a此去经年,谁许我一纸繁华@Aci qu jing nian shui xu wo yi zhi fan hua@f胡适著 |
| 210 | @a北京@c北京理工大学出版社@d2016 | |
| 215 | @a278页@d21cm | |
| 225 | 2 | @a民国大师经典书系@Amin guo da shi jing dian shu xi |
| 461 | 0 | @12001 @a民国大师经典书系 |
| 606 | 0 | @a随笔@Asui bi@x作品集@y中国@z现代 |
| 606 | 0 | @a新诗@Axin shi@x诗集@y中国@z现代 |
| 690 | @aI266.1@v5 | |
| 690 | @aI226.1@v5 | |
| 701 | 0 | @a胡适@Ahu shi@f(1891~1962)@4著 |
| 801 | 0 | @aCN@bTANGWEI@c20170308 |
| 905 | @b0965527-30@dI266.1@e2210@f4 | |
| 此去经年,谁许我一纸繁华/胡适著.-北京:北京理工大学出版社,2016 |
| 278页;21cm.-(民国大师经典书系) |
| ISBN 978-7-5682-1832-0(精装):CNY35.00 |
| ● |
| 相关链接 |
|
|
|
|
正题名:此去经年,谁许我一纸繁华
索取号:I266.1/2210
 
预约/预借
| 序号 | 登录号 | 条形码 | 馆藏地/架位号 | 状态 | 备注 |
| 1 | 0965527 | 209655274 | 第一样本阅览室/ [索取号:I266.1/2210] | 在馆 | |
| 2 | 0965528 | 209655283 | 第二借阅区/ [索取号:I266.1/2210] | 在馆 | |
| 3 | 0965529 | 209655292 | 第二借阅区/ [索取号:I266.1/2210] | 在馆 | |
| 4 | 0965530 | 209655309 | 第二借阅区/ [索取号:I266.1/2210] | 在馆 |